The parent slant. (Record no. 14773)

000 -LEADER
fixed length control field 00577nam a2200193 a 4500
001 - CONTROL NUMBER
control field :::00012607$&:&@@
003 - CONTROL NUMBER IDENTIFIER
control field OkBaRHE
005 - DATE AND TIME OF LATEST TRANSACTION
control field 20000607103421.0
008 - FIXED-LENGTH DATA ELEMENTS--GENERAL INFORMATION
fixed length control field s1971 j 000 0 eng u
040 ## - CATALOGING SOURCE
Transcribing agency
100 1# - MAIN ENTRY--PERSONAL NAME
Personal name Swor, Chester E.
245 14 - TITLE STATEMENT
Title The parent slant.
260 ## - PUBLICATION, DISTRIBUTION, ETC. (IMPRINT)
Place of publication, distribution, etc Nashville, TN., :
Name of publisher, distributor, etc Broadman Press
Date of publication, distribution, etc c1971
300 ## - PHYSICAL DESCRIPTION
Extent 139 p. ;
Dimensions 21 cm.
650 ## - SUBJECT ADDED ENTRY--TOPICAL TERM
Topical term or geographic name as entry element Parent and Child
General subdivision United States
650 ## - SUBJECT ADDED ENTRY--TOPICAL TERM
Topical term or geographic name as entry element Youth
General subdivision United States
942 ## - ADDED ENTRY ELEMENTS (KOHA)
Source of classification or shelving scheme
Koha item type Books
Copies
Not for loan Koha item type Barcode Lost status Copy number Date last seen Permanent Location Full call number Withdrawn status Source of classification or shelving scheme Shelving location Damaged status Price effective from Date acquired
 Books12607 12010-04-14RHEMA Bible Training CollegeHQ 796 .S965  General Stacks 2010-04-142010-04-14